[Event "Cappelle op 31st"]
[Site "Cappelle la Grande"]
[Date "2015.03.06"]
[Round "8"]
[White "Gabrielian, Artur"]
[Black "Vovk, Andrey"]
[Result "1/2-1/2"]
[WhiteElo "2551"]
[BlackElo "2642"]
[Annotator "RR"]
[PlyCount "118"]
[EventDate "2015.02.28"]
[EventType "swiss"]
[EventRounds "9"]
[EventCountry "FRA"]
[SourceTitle "EXT 2016"]
[Source "ChessBase"]
[SourceDate "2015.10.08"]
[SourceVersion "1"]
[SourceVersionDate "2015.10.08"]
[SourceQuality "1"]

1. e4 {[%emt 0:00:00]} c5 {[%emt 0:05:35]} 2. c3 {[%emt 0:00:15]} Nf6 {[%emt 0:
00:23]} 3. e5 {[%emt 0:00:05]} Nd5 {[%emt 0:00:04]} 4. Bc4 {[%emt 0:00:04]} Nb6
{[%emt 0:01:16]} 5. Bb3 {[%emt 0:00:58]} c4 {[%emt 0:01:09]} (5... d5 {
L'alternative}) 6. Bc2 {[%emt 0:00:05]} Nc6 {[%emt 0:01:24]} 7. Nf3 {[%emt 0:
00:06]} Qc7 {[%emt 0:01:24]} (7... d6) 8. O-O {[%emt 0:00:07] Qe2 est la
grande ligne mais les Noirs ont un bon jeu sur la poussée thématique g5} (8.
Qe2 g5 $1 9. h3 Bg7 10. e6 dxe6 11. Nxg5 h6 12. Nf3 Bd7 13. b3 Nb4 14. Na3
Nxc2+ 15. Nxc2 Rc8 16. O-O Nd5 17. Ne3 Nf4 18. Qxc4 Bc6 19. Nd4 Bxd4 20. cxd4
Rg8 21. f3 Nxh3+ 22. Kh1 Qg3 23. Qe2 Nf4 24. Qf2 Qg6 25. Qg1 Ne2 26. Qh2 Ng3+
27. Kg1 Nxf1 28. Kxf1 Qd3+ 29. Kf2 Qxd4 30. Rb1 Bb5 {0-1 (30) Korobov,A (2702)
-Mamedov,R (2651) Moscow 2013}) 8... Nxe5 {[%emt 0:07:41]} 9. Nxe5 {[%emt 0:00:
57]} Qxe5 {[%emt 0:00:04]} 10. Re1 {[%emt 0:00:23]} Qc7 {[%emt 0:10:05]} (10...
Qf6 {L'alternative ne parait pas très saine}) 11. a4 {[%emt 0:04:20]} e6 {
[%emt 0:07:28]} 12. d3 {[%emt 0:03:45]} cxd3 {[%emt 0:04:32]} 13. Qxd3 {
[%emt 0:00:05]} Be7 {[%emt 0:00:45]} 14. Na3 $1 {[%emt 0:00:13]} a6 {[%emt 0:
21:42] Joué après une longue réflexion mais c'est pourtant encore une
position théorique} 15. a5 {[%emt 0:00:46]} Nd5 {[%emt 0:00:05]} 16. Nc4 $14 {
[%emt 0:00:04]} b5 {[%emt 0:06:46]} 17. axb6 {[%emt 0:15:45]} Nxb6 {[%emt 0:00:
04]} 18. Nxb6 {[%emt 0:09:05]} Qxb6 {[%emt 0:00:04]} 19. Be3 $32 {[%emt 0:03:
38]} (19. Ra4 f5 20. Be3 Qd8 21. h4 O-O 22. h5 Bb7 23. Bf4 Bg5 24. Bd6 Rf6 25.
Rd4 Be4 26. Rexe4 fxe4 27. Qxe4 Rh6 28. g4 Rc8 29. Qb7 Bf6 30. Ra4 Rc6 31. Rxa6
Rxa6 32. Qxa6 Be7 33. Bf4 Rf6 34. Be3 Qe8 35. Qd3 g6 36. b4 Qf7 37. Qxd7 gxh5
38. g5 Qg7 39. Kf1 Rf7 40. Qxe6 Qxc3 41. Bb3 Qd3+ 42. Kg2 Qg6 43. Qxe7 Qc6+ 44.
Kg1 {1-0 (44) Karpatchev,A (2442)-Daurelle,H (2189) Saint Affrique 2014}) 19...
Qc7 {[%emt 0:01:39]} 20. Bd4 $1 {[%emt 0:03:19]} Kf8 $8 {[%emt 0:02:45]} 21. b4
{[%emt 0:03:14]} Bb7 {[%emt 0:02:15] Les Noirs ont perdu le droit au roque
mais il n'est pas facile pour les Blancs d'en profiter} 22. b5 {[%emt 0:20:05]}
axb5 {[%emt 0:04:01]} 23. Qxb5 {[%emt 0:00:45]} f6 $1 {[%emt 0:01:18]} 24. Ba4
$6 {[%emt 0:07:35]} Bc6 {[%emt 0:06:32]} 25. Qc4 {[%emt 0:01:47]} Qa5 $1 {
[%emt 0:04:06]} 26. Bxc6 {[%emt 0:01:13]} Qxa1 {[%emt 0:00:17]} 27. Qf1 {
[%emt 0:00:25]} Qxe1 $1 {[%emt 0:02:10]} 28. Qxe1 {[%emt 0:00:04]} dxc6 {
[%emt 0:00:05]} 29. g3 {[%emt 0:02:57] Ce tempo indispensable va permettre aux
Noirs de jouer Kf7 pour lier les R et ils auront au moins l'égalité} Kf7 {
[%emt 0:01:36]} 30. Qe2 {[%emt 0:01:22]} g6 {[%emt 0:00:48]} 31. Qc4 {[%emt 0:
01:54]} c5 $1 $17 {[%emt 0:02:29]} 32. Be3 {[%emt 0:00:04]} h5 {[%emt 0:01:26]}
33. h4 {[%emt 0:00:58]} Ra3 {[%emt 0:00:49]} 34. Kg2 {[%emt 0:00:27]} Rc8 {
[%emt 0:01:58]} 35. Bc1 {[%emt 0:00:56]} Ra7 {[%emt 0:01:04]} 36. Qf4 {[%emt 0:
00:20]} Bf8 {[%emt 0:00:37]} 37. Be3 {[%emt 0:05:19]} Ra3 {[%emt 0:01:15]} 38.
Qe4 {[%emt 0:02:33]} Rc7 {[%emt 0:00:26]} 39. c4 {[%emt 0:01:20]} Ra2 {[%emt 0:
00:45]} 40. Qb1 {[%emt 0:00:00]} Ra8 {[%emt 0:00:00]} 41. Qb6 {[%emt 0:10:15]}
Rac8 {[%emt 0:01:18]} 42. Bf4 $1 {[%emt 0:02:24]} Rd7 {[%emt 0:05:25]} 43. Qa6
{[%emt 0:01:44]} Rcd8 {[%emt 0:00:25]} 44. Be3 {[%emt 0:00:08]} Bd6 {[%emt 0:
02:16]} 45. Qb6 {[%emt 0:00:46]} Rc8 {[%emt 0:00:51]} 46. Qa6 {[%emt 0:00:25]
Les Noirs ont du mal à progresser} Rcc7 {[%emt 0:02:44]} 47. Qa8 {[%emt 0:00:
13]} Bf8 {[%emt 0:00:26]} 48. Qb8 {[%emt 0:03:56]} Ra7 {[%emt 0:06:27]} 49. Qc8
{[%emt 0:01:31]} Rdc7 {[%emt 0:00:14]} 50. Qd8 {[%emt 0:00:46]} Rcb7 {[%emt 0:
01:18]} 51. Qc8 {[%emt 0:01:01]} Rb2 $5 {[%emt 0:00:39] Sacrifiant le Pc5 pour
tenter d'activer les R²} 52. Bxc5 {[%emt 0:01:15]} Bxc5 {[%emt 0:00:08]} 53.
Qxc5 {[%emt 0:00:03]} Rd7 {[%emt 0:00:14]} 54. Qc8 $132 {[%emt 0:03:51]} Rdd2 {
[%emt 0:01:25]} 55. Qc7+ {[%emt 0:00:15]} (55. c5 Rxf2+) 55... Kf8 {[%emt 0:01:
10]} 56. Qc8+ {[%emt 0:00:08]} Kg7 {[%emt 0:00:17]} 57. Qc7+ {[%emt 0:00:11]}
Kh6 {[%emt 0:02:04]} 58. Qf4+ {[%emt 0:00:08] Sauve la nulle} Kg7 {[%emt 0:00:
04]} 59. Qc7+ {[%emt 0:00:03]} Kh6 {[%emt 0:00:09]} 1/2-1/2

[Event "Cappelle op 31st"]
[Site "Cappelle la Grande"]
[Date "2015.03.02"]
[Round "4"]
[White "Gabrielian, Artur"]
[Black "Fier, Alexandr"]
[Result "1/2-1/2"]
[WhiteElo "2551"]
[BlackElo "2612"]
[Annotator "RR"]
[PlyCount "129"]
[EventDate "2015.02.28"]
[EventType "swiss"]
[EventRounds "9"]
[EventCountry "FRA"]
[SourceTitle "EXT 2016"]
[Source "ChessBase"]
[SourceDate "2015.10.08"]
[SourceVersion "1"]
[SourceVersionDate "2015.10.08"]
[SourceQuality "1"]

1. e4 c5 2. c3 Nf6 3. e5 Nd5 4. Bc4 (4. d4 {La grande ligne}) 4... Nb6 5. Bb3
g6 $5 (5... c4 6. Bc2 Nc6 7. Nf3 Qc7 (7... d6 8. exd6 Qxd6 9. O-O Bg4 10. h3
Bh5 11. Re1 O-O-O $1 12. b3 Qf6 13. Be4 Ne5 {[%csl Rf3]} 14. g4 Nxf3+ 15. Qxf3
Qxf3 16. Bxf3 Bg6 17. Na3 e6 $11) 8. O-O Nxe5 9. Nxe5 Qxe5 10. Re1 Qc7 11. a4
e6 12. d3 cxd3 13. Qxd3 Be7 14. Na3 a6 15. a5 Nd5 16. Nc4 b5 17. axb6 Nxb6 18.
Nxb6 Qxb6 19. Be3 Qc7 20. Bd4 Kf8 21. b4 Bb7 22. b5 axb5 23. Qxb5 f6 24. Ba4
Bc6 25. Qc4 Qa5 26. Bxc6 Qxa1 27. Qf1 Qxe1 28. Qxe1 dxc6 29. g3 Kf7 30. Qe2 g6
31. Qc4 c5 32. Be3 h5 33. h4 Ra3 34. Kg2 Rc8 35. Bc1 {Gabrielian,A (2551)-Vovk,
A (2642) Cappelle la Grande 2015 1/2-1/2}) 6. Nf3 Bg7 7. O-O O-O 8. a4 c4 9.
Bc2 Nc6 10. Re1 $146 (10. Qe2 d5 11. exd6 exd6 12. d4 cxd3 13. Bxd3 Ne5 14. a5
Nxd3 15. Qxd3 Bf5 16. Qb5 Nd7 17. Qxb7 Nc5 18. Qd5 Be6 19. Qg5 Bf6 20. Qh6 Nb3
21. Ra4 Nxa5 22. Bg5 Nc4 23. Bxf6 Qxf6 24. Ng5 Rfc8 25. b3 Ne5 26. Qxh7+ Kf8
27. Nxe6+ Qxe6 28. Rb4 Qf6 29. Nd2 d5 30. Rh4 Ke7 31. f4 Ng4 32. Re1+ Kd7 33.
Rxg4 Rh8 34. Rxg6 Qxg6 35. Qxg6 fxg6 36. Rd1 {1/2-1/2 (36) Pesotsky,V (2315)
-Reznicek,M (2045) Ostrava 2009}) 10... d6 11. exd6 Qxd6 {[%csl Gd3]} 12. Na3
Qc5 (12... Bg4 13. a5 Nxa5 14. Nb5) (12... a6) 13. d4 cxd3 14. Bxd3 Rd8 15. Qe2
Bg4 16. Be3 Qd5 17. Bxb6 Bxf3 18. Qxf3 Qxf3 19. gxf3 Rxd3 $132 20. Be3 Rad8 21.
Nc4 R3d5 22. a5 a6 {[%csl Rb6] Un affaiblissement non négligeable} 23. Kg2 e6
(23... Kf8) 24. f4 Ne7 {[%cal Ge7f5]} 25. Bb6 $1 Rc8 (25... R8d7 26. Ne3 Rd2
27. Rad1) 26. Ne3 Rb5 27. Re2 Nd5 28. Nxd5 Rxd5 29. Ra4 Kf8 30. Ree4 Ke8 31.
Be3 Bf8 32. Re5 Rd1 33. Ree4 Rb1 34. Rac4 Rxc4 35. Rxc4 Kd7 36. b4 Rd1 37. Bd4
Be7 38. Be5 Bd8 39. Bd4 Be7 40. Be5 f6 41. Bd4 Rd3 42. Bc5 Bxc5 43. Rxc5 h6 44.
h4 h5 $15 {[%csl Rf2,Rf4,Rh4] Bizarrement la suite de la partie va montrer
qu'il n'est pas facile pour les Noirs de progresser} 45. Rc4 Rd5 46. Kg3 e5 47.
fxe5 Rxe5 48. Rd4+ Ke7 49. f3 g5 50. c4 Re3 51. Kf2 Rb3 52. c5 gxh4 53. Rxh4
Ke6 54. Ke2 f5 55. Kd2 Kf6 56. Kc2 Rxf3 57. Rxh5 Kg6 58. Rh8 Re3 59. Rg8+ Kf7
60. Rb8 Re7 61. c6 $1 bxc6 62. Rb6 c5 63. bxc5 Re5 64. Kd3 Rxc5 65. Rxa6
1/2-1/2

[Event "Rohde op 09th"]
[Site "Sautron"]
[Date "2009.10.31"]
[Round "9"]
[White "Bedouin, Xavier"]
[Black "Carlsson, Pontus"]
[Result "1/2-1/2"]
[WhiteElo "2353"]
[BlackElo "2480"]
[Annotator "RR"]
[PlyCount "51"]
[EventDate "2009.10.24"]
[EventType "swiss"]
[EventRounds "9"]
[EventCountry "FRA"]
[SourceTitle "EXT 2010"]
[Source "ChessBase"]
[SourceDate "2010.11.25"]
[SourceVersion "1"]
[SourceVersionDate "2010.11.25"]
[SourceQuality "1"]

1. e4 c5 2. c3 d5 3. exd5 Qxd5 4. d4 Nf6 5. Nf3 e6 (5... Bg4 {Murie,E (2083)
-Lalic,B (2495) Rohde op 9th 2009 (1.7) 1/2}) 6. Be2 (6. Na3) 6... Be7 (6...
Nc6 {la grande ligne}) (6... cxd4 7. cxd4 Nc6 8. O-O Be7 9. Nc3 Qd6 10. Nb5 Qd8
11. Bf4 {[%cal Gb5c7]} Nd5 12. Bg3 O-O (12... h5 $5 {Plus risqué mais c'est
une option raisonnable pour profiter du fait que les noirs n'ont pas roqué} 13.
h3 h4 14. Bh2 a6 (14... O-O $5))) 7. O-O O-O 8. c4 {en ayant retardé cd4, les
noirs laissent cette option aux blancs pour prendre de l'espace.} Qd8 9. dxc5
$1 {trés populaire depuis quelques années} Bxc5 (9... Nc6) 10. Nc3 b6 (10...
Nc6 {Plus courant}) 11. a3 Bb7 12. Qc2 $5 $146 ({RR} 12. b4 Be7 13. Qb3 Nbd7
14. Bf4 Nh5 15. Be3 Qb8 16. Nd4 Nf4 17. Bf3 Bxf3 18. Nxf3 Ne5 19. Nxe5 Qxe5 20.
Rfe1 Bf6 21. Bxf4 Qxf4 22. g3 Qf3 23. Re3 Qc6 24. Rae1 Rfc8 25. Re4 Rd8 26. Na4
Bd4 {Skripchenko,A (2427)-Karpov,A (2668)/Cap d'Agde 2006/CBM 115/0-1 (59)})
12... Nbd7 (12... a5) 13. Bf4 (13. b4 Bd6 14. Bb2 (14. Rd1) (14. Nb5 {[%cal
Gb5d6]} Bb8 15. Bb2 a6 16. Nbd4 e5 17. Nf5) 14... Rc8 (14... a6 15. Rfd1 Qe7
16. Rac1 Bf4 {[%csl Gf4]}) 15. Rfd1 $14) 13... Qe7 14. Na4 (14. b4) 14... Bd6
$11 15. Bxd6 Qxd6 16. Rfd1 Qc7 (16... Qe7 $142) 17. Nc3 a6 18. Ng5 {[%cal
Gc3e4,Gc2h7]} Rad8 19. Nce4 Nxe4 20. Nxe4 Qe5 21. Bf3 Nc5 $1 22. Nd2 Rxd2 23.
Rxd2 Bxf3 24. gxf3 Qg5+ 25. Kh1 Nb3 26. Qxb3 1/2-1/2

[Event "POL-chT 66th"]
[Site "Katowice"]
[Date "2010.09.09"]
[Round "6"]
[White "Luch, Michal"]
[Black "Czarnota, Pawel"]
[Result "0-1"]
[WhiteElo "2385"]
[BlackElo "2524"]
[Annotator "RR"]
[PlyCount "54"]
[EventDate "2010.09.04"]
[EventType "team-tourn"]
[EventRounds "9"]
[EventCountry "POL"]
[SourceTitle "EXT 2016"]
[Source "ChessBase"]
[SourceDate "2015.10.08"]
[SourceVersion "1"]
[SourceVersionDate "2015.10.08"]
[SourceQuality "1"]
[WhiteTeam "Wroclaw AZS WSB"]
[BlackTeam "Szkola Grudziadz"]
[WhiteTeamCountry "POL"]
[BlackTeamCountry "POL"]

1. e4 c5 2. c3 d6 3. d4 Nf6 4. Bd3 (4. dxc5) (4. f3) 4... Nc6 5. dxc5 dxc5 6.
h3 $146 (6. Qe2 Ne5 {Van Wijgerden,C (2440)-Van der Wiel,J (2530) NED-ch38
Hilversum 1983 (6) 1/2}) 6... c4 $1 7. Bxc4 Qxd1+ 8. Kxd1 Nxe4 9. Ke2 Nd6 10.
Bd5 e6 11. Bf3 (11. Bxc6+ bxc6 12. Nf3 Ba6+) 11... Bd7 12. Na3 O-O-O $32 13. b3
e5 14. Bxc6 Bxc6 15. Nf3 Ne4 16. Nb1 Bc5 17. Be3 Bxe3 18. Kxe3 Nc5 19. b4 Nd3
20. Ne1 Nxe1 21. Rxe1 Bxg2 22. Rg1 Bxh3 $19 {[%csl Gh7]} 23. Rxg7 Rd1 24. Rxf7
h5 25. a4 h4 26. a5 Bd7 27. Ke2 h3 0-1

[Event "Sautron op 16th"]
[Site "Sautron"]
[Date "2016.10.22"]
[Round "4.4"]
[White "Bedouin, Xavier"]
[Black "Stets, Dmitry"]
[Result "0-1"]
[WhiteElo "2353"]
[BlackElo "2436"]
[Annotator "RR"]
[PlyCount "86"]
[EventDate "2016.10.22"]
[EventType "swiss"]
[EventRounds "9"]
[EventCountry "FRA"]
[SourceTitle "EXT 2019"]
[Source "ChessBase"]
[SourceDate "2018.10.10"]
[SourceVersion "1"]
[SourceVersionDate "2018.10.10"]
[SourceQuality "1"]
[TimeControl "40/5400+30:1800+30"]
[WhiteClock "0:27:18"]
[BlackClock "0:24:22"]

1. e4 {[%emt 0:00:07]} c5 {[%emt 0:00:00]} 2. c3 {[%emt 0:00:14]} Nf6 {[%emt 0:
00:01]} (2... d5) (2... g6) 3. e5 {[%emt 0:00:19]} Nd5 {[%emt 0:00:15]} 4. Nf3
{[%emt 0:00:14]} Nc6 {[%emt 0:00:14]} 5. Bc4 {[%emt 0:00:17]} e6 {[%emt 0:00:
23]} (5... Nb6 6. Bb3 c4 7. Bc2 Qc7 (7... d6)) 6. d4 {[%emt 0:00:16]} cxd4 {
[%emt 0:00:15]} 7. cxd4 {[%emt 0:00:14]} d6 {[%emt 0:00:13]} 8. O-O {[%emt 0:
00:26]} Be7 {[%emt 0:00:18]} 9. exd6 {[%emt 0:00:28]} Qxd6 {[%emt 0:00:11]} 10.
Nc3 {[%emt 0:00:16]} O-O {[%emt 0:00:59]} 11. Re1 {[%emt 0:00:21]} Nxc3 {
[%emt 0:11:15]} 12. bxc3 {[%emt 0:00:30]} b6 {[%emt 0:00:28]} 13. Ng5 {[%emt 0:
00:43]} (13. Bd3 Bb7 14. Qe2 g6 15. Qe3 Bf6 16. Qh6 Bg7 17. Qh4 Ne7 18. Ng5 h5
19. Be4 Nf5 20. Qh3 Bxe4 21. Nxe4 Qd5 22. Bg5 f6 23. Bd2 Rac8 24. a4 Rc6 25.
Qd3 Rfc8 26. h3 Kf7 27. Qb5 Bf8 28. Rab1 Be7 29. Qa6 Qd7 30. Qb5 g5 31. Qe2 Rh8
32. Rb5 Rcc8 33. g3 Qc6 34. Qd3 Qc4 35. Qf3 g4 36. Qf4 gxh3 37. Rxf5 exf5 38.
Qxf5 Rcg8 39. Qd7 Kf8 40. Nd6 h2+ 41. Kxh2 {1-0 (41) Radjabov,T (2710)
-Moiseenko,A (2648) Bastia 2016}) 13... Bxg5 {[%emt 0:04:39]} 14. Bxg5 {
[%emt 0:00:11]} Bb7 {[%emt 0:06:15]} 15. Qg4 {[%emt 0:00:59]} Rfe8 {[%emt 0:10:
59]} 16. Re3 {[%emt 0:39:09] 40 mns de réflexion!} Ne7 {[%emt 0:09:03]} 17.
Rae1 {[%emt 0:10:52]} Ng6 {[%emt 0:09:41]} 18. Bd3 {[%emt 0:07:48]} Rac8 $146 {
[%emt 0:14:46]} (18... Rec8 19. Bxg6 hxg6 20. Bf4 Qd5 21. Be5 Qxa2 22. Rh3 Qd2
23. Rd1 Qc2 24. Rf1 Rxc3 25. f3 Qf5 26. Qh4 f6 27. Qh7+ Kf7 28. g4 Qg5 29. f4
Qxg4+ {0-1 (29) Tscharotschkin,M (2220)-Kveinys,A (2511) Bad Woerishofen 2004})
19. h4 {[%emt 0:07:52]} Qd7 {[%emt 0:10:49]} 20. h5 $36 {[%emt 0:13:52]} f5 {
[%emt 0:00:22]} (20... Nf8 21. h6 $36) 21. Qg3 {[%emt 0:02:09]} Nf8 {[%emt 0:
00:33]} 22. Bb1 {[%emt 0:01:31]} Bd5 $1 {[%emt 0:01:44][%csl Gc4,Gd5][%cal
Gd5e6]} 23. Bf4 {[%emt 0:00:14]} Qf7 {[%emt 0:00:39]} 24. Qh4 {[%emt 0:02:53]}
Nd7 {[%emt 0:01:48]} 25. Rg3 {[%emt 0:00:54]} Nf6 {[%emt 0:01:27]} 26. h6 {
[%emt 0:03:40]} g6 {[%emt 0:00:31]} 27. Bg5 {[%emt 0:01:31]} Nd7 {[%emt 0:00:
49]} (27... Ne4) 28. Rge3 {[%emt 0:00:24]} Rc6 {[%emt 0:00:56]} 29. Qg3 {
[%emt 0:02:24] Les pièces Blanches sont très actives} Rec8 {[%emt 0:00:27]}
30. Bf4 {[%emt 0:01:12]} Nf6 {[%emt 0:01:40]} 31. Qh3 {[%emt 0:00:56]} b5 {
[%emt 0:04:00][%csl Rc3]} 32. Be5 $6 {[%emt 0:01:08]} Ng4 $1 {[%emt 0:00:38]
Sans la paire de B, l'attaque Blanche est moins dangereuse} 33. Rg3 {[%emt 0:
00:15]} Nxe5 {[%emt 0:00:38]} 34. dxe5 {[%emt 0:00:58]} Qc7 $132 {[%emt 0:01:
20]} 35. Rd1 {[%emt 0:01:29]} Qxe5 {[%emt 0:01:51]} (35... Rxc3 36. Bxf5 exf5
37. Rxd5) 36. Re3 {[%emt 0:00:17]} Qf6 $17 {[%emt 0:00:34]} 37. Rd4 {[%emt 0:
00:28]} Rc4 {[%emt 0:00:48]} 38. Red3 {[%emt 0:00:40]} b4 $1 $19 {[%emt 0:01:
45] Les Noirs gagent du matériel et la position Blanche s'effondre} 39. Qe3 {
[%emt 0:00:02]} Rxc3 {[%emt 0:01:41]} 40. Rxb4 {[%emt 0:00:00]} Rc1+ {[%emt 0:
00:00]} 41. Kh2 {[%emt 0:02:07]} g5 {[%emt 0:10:20]} 42. Qxa7 {[%emt 0:03:12]}
Qxh6+ {[%emt 0:01:41]} 43. Rh3 {[%emt 0:00:40]} Rh1+ {[%emt 0:00:12]} 0-1

[Event "URS-chT Cup 11th"]
[Site "Rostov on Don"]
[Date "1980.05.??"]
[Round "3"]
[White "Kholmov, Ratmir D"]
[Black "Polugaevsky, Lev"]
[Result "1-0"]
[WhiteElo "2540"]
[BlackElo "2650"]
[Annotator "RR"]
[PlyCount "55"]
[EventDate "1980.05.23"]
[EventType "team-tourn"]
[EventRounds "7"]
[EventCountry "URS"]
[SourceTitle "EXT 2020"]
[Source "ChessBase"]
[SourceDate "2019.10.17"]
[SourceVersion "1"]
[SourceVersionDate "2019.10.17"]
[SourceQuality "1"]
[WhiteTeam "Country Societies"]
[BlackTeam "Lokomotiv"]
[WhiteTeamCountry "URS"]
[BlackTeamCountry "URS"]

1. e4 c5 2. Nf3 e6 3. c3 Nf6 4. e5 Nd5 5. d4 cxd4 6. cxd4 d6 (6... b6 {
l'alternative} 7. Nc3 Nxc3 8. bxc3 Qc7 9. Bd2 Bb7 10. Bd3 d6 11. O-O Nd7 12.
Ng5 $1 $36 {[%csl Re6,Rf7,Rh7][%cal Gd1h5] Les noirs ont des difficultés а
terminer le développement dans cette suite tactique alors que la position est
plus simple а jouer après Re1 qui est pourtant plus naturel} (12. Re1 $143)) 7.
a3 {[%cal Gf1d3]} (7. Nc3 Nxc3 8. bxc3 Qc7 9. Bd2 Nd7 (9... b6 $143 {Retombe
sur la ligne 6. b6 au lieu de d6 mais les noirs ont un temps de plus et il
vaut mieux en profiter avec le coup souple Nd7}) 10. exd6 {le temps de plus
force les blancs а abandonner le centre et l'égalisation des noirs est plus
facile} (10. Bd3 dxe5 $11) 10... Bxd6 11. Bd3 O-O 12. O-O $11) (7. Bc4 $5 Nb6 (
7... Nc6) 8. Bb3 (8. Bd3 dxe5 (8... Bd7 $143 9. Nc3 $16) 9. dxe5 N8d7 10. O-O
Nc5 {[%cal Gc5d3]}) 8... dxe5 9. Nxe5 Nc6 10. Nxc6 bxc6 11. O-O Be7 12. Nc3 O-O
13. Bf4 Ba6 14. Re1 Bc4 {[%cal Gc4d5]}) (7. Bd3 $143 Nb4 $132 {la raison pour
laquelle, les blancs jouent a3 pour préparer Bd3}) 7... Bd7 $1 {[%cal Gd7c6,
Gb8d7] Une idée de Polou} 8. Bd3 Bc6 9. O-O Nd7 {[%cal Gf8e7,Ga8c8] Le plan
standard des noirs qui vont retarder le roque jusqu'au 20ème coup afin
d'éviter l'attaque а l'aile-roi.} 10. Re1 (10. b4 {[%cal Gb4b5]} a6 $11 {
Chekhov,V (2530)-Lerner,K (2430) URS-ch YM Leningrad 1976 1/2}) 10... dxe5 (
10... Be7 {Dvoretzky,M (2495)-Polugaevsky,L (2645) URS-ch43 Yerevan 1975 1-0})
(10... Rc8 11. Bg5 Be7 12. Bxe7 Qxe7 13. Nbd2) 11. dxe5 Be7 (11... g6 $5 {
[%csl Rf6,Rg5] Une idée récente qui donne des bons résultats aux noirs malgré
l'affaiblissement des cases noires.} 12. b4 a6 13. Nbd2 Bg7 14. Nc4 O-O 15. Bg5
$14) 12. b4 N5b6 $6 (12... a6 $142 13. Bb2 (13. Nd4 Qc7 14. Bb2)) 13. Nbd2 {
[%cal Gd2e4,Ge4d6]} (13. Nc3 $142 {semblait plus naturel notamment pour éviter
la réaction Nc5 deux coups plus tard} a5 14. b5) 13... a5 $5 14. b5 Nc5 $1 15.
bxc6 Qxd3 $11 {Eliminant le fort Bd3} 16. cxb7 Rb8 $44 17. Bb2 Rxb7 18. Bd4
Nbd7 (18... O-O) 19. Re3 $1 Qa6 20. Qc2 {[%csl Rh7][%cal Gf3g5,Ge3h3]} O-O 21.
Rc3 $1 {[%csl Rc5]} (21. h4 $5 {[%cal Gf3g5]} Rfb8 22. Ng5 g6 23. Rf3 $36)
21... Rc7 (21... Rc8 22. Ne4 Rbc7 23. Rc1) 22. Ne4 Rfc8 23. Rd1 h6 $2 24. Bxc5
Nxc5 25. Nd6 $40 Bxd6 26. exd6 Rc6 27. Rc1 $18 Qa7 $4 28. Nd4 1-0

[Event "Rohde op 07th"]
[Site "Sautron"]
[Date "2007.10.29"]
[Round "3"]
[White "Bedouin, Xavier"]
[Black "Darrigues, Alain"]
[Result "1-0"]
[WhiteElo "2342"]
[BlackElo "2465"]
[Annotator "RR"]
[PlyCount "47"]
[EventDate "2007.10.27"]
[EventType "swiss"]
[EventRounds "9"]
[EventCountry "FRA"]
[SourceTitle "EXT 2008"]
[Source "ChessBase"]
[SourceDate "2007.11.25"]
[SourceVersion "1"]
[SourceVersionDate "2007.11.25"]
[SourceQuality "1"]

1. e4 c5 2. Nf3 Nc6 3. c3 Nf6 4. e5 Nd5 5. d4 cxd4 6. cxd4 d6 (6... e6) 7. Bc4
Nb6 (7... e6 8. O-O (8. Bxd5 exd5 9. O-O Be7 10. Nc3 dxe5 {[%cal Gd8d5]})) 8.
Bb5 dxe5 (8... Bd7) (8... d5) 9. Nxe5 Bd7 10. Nxd7 (10. Nxc6 {La grande
variante qui ne donne pas réellement d'avantage aux blancs} Bxc6 11. Bxc6+ bxc6
{[%csl Rc6,Rd4][%cal Gb6d5]} 12. O-O g6 (12... e6 {Moins ambitueux que "g6"
mais plus solide}) 13. Re1 {[%csl Re7]} Bg7 14. Bg5 O-O (14... Nc8 15. Qf3 O-O
$1 16. Qxc6 Rb8 $132 {[%csl Rb2,Rd4]}) 15. Bxe7 Qxd4 16. Nc3 (16. Bxf8 $6 Qxd1
17. Rxd1 Bxb2 $17 {[%cal Gb2a1]})) 10... Qxd7 11. Nc3 e6 (11... Rd8 12. O-O g6
13. Re1 Bg7 14. Bg5 $1) 12. O-O Be7 13. Qg4 {[%csl Rg7]} Bf6 (13... O-O) 14.
Rd1 Nd5 $1 {[%csl Rd4]} ({RR} 14... a6 15. Bxc6 Qxc6 16. Ne4 Nd5 17. Bf4 h5 18.
Qf3 Be7 19. Rac1 Qd7 20. Nc5 Bxc5 21. dxc5 f6 22. Bd6 Qc6 23. Rc4 Kf7 24. b4 g6
25. Qb3 Rhe8 26. Re4 b5 27. Rde1 a5 28. a3 axb4 29. axb4 {Solomaha,A (2344)
-Mihalichenko,V (2293)/Evpatoria 2006/CBM 112 ext/0-1 (110)}) 15. Ne4 Rd8 $146
({RR} 15... O-O 16. Bh6 Qe7 17. Bxc6 bxc6 18. Rac1 Rfc8 19. Rc4 Kh8 20. Bg5
Bxg5 21. Nxg5 Rc7 22. Rdc1 Rac8 23. h4 h6 24. Nf3 c5 25. dxc5 Rxc5 26. Rxc5
Rxc5 27. Rxc5 Qxc5 28. Qd4 Qc1+ 29. Kh2 a5 30. b3 {Godena,M (2490)-Shirov,A 
(2734)/Batumi 1999/CBM 074/1/2-1/2 (47)}) 16. Nxf6+ gxf6 17. b3 $1 {[%cal
Gc1a3]} Qd6 18. a4 h5 19. Qh3 {[%csl Rh5]} Kd7 $5 {[%cal Gd7c7,Gc7b8]} 20. Ba3
$1 {Ne laisse pas le temps aux noirs de jouer Kc7b8} Qb8 21. Rac1 Rdg8 22. Rc5
Rg5 23. Bc1 Rhg8 24. Bxg5 {les noirs ont continué а jouer jusqu'au 38ème coup.}
1-0